Factores que incidieron en el aumento de las complicaciones en mujeres embarazadas durante la atención del parto en el Hospital Nacional Santa Gertrudis, San Vicente, durante el año 2022. (Registro nro. 35554)
[ vista simple ]
| 000 -CABECERA | |
|---|---|
| Longitud fija campo de control | 01137nam a22002177a 4500 |
| 003 - IDENTIFICADOR DELl NÚMERO DE CONTROL | |
| Identificador del número de control | OSt |
| 005 - FECHA Y HORA DE LA ÚLTIMA TRANSACCIÓN | |
| Fecha y hora de la última transacción | 20251021194511.0 |
| 008 - CÓDIGOS DE INFORMACIÓN DE LONGITUD FIJA | |
| Códigos de información de longitud fija | 250108b ||||| |||| 00| 0 eng d |
| 040 ## - FUENTE DE LA CATALOGACIÓN | |
| Centro transcriptor | BCRI |
| 082 ## - NÚMERO DE LA CLASIFICACIÓN DECIMAL DEWEY | |
| Númeroo de clasificación | 610.72 |
| 100 ## - PUNTO DE ACCESO PRINCIPAL-NOMBRE DE PERSONA | |
| 9 (RLIN) | 48990 |
| Nombre de persona | Córdova Arias, Karla Alexandra |
| 245 ## - MENCIÓN DE TÍTULO | |
| Título | Factores que incidieron en el aumento de las complicaciones en mujeres embarazadas durante la atención del parto en el Hospital Nacional Santa Gertrudis, San Vicente, durante el año 2022. |
| Resto del título | : Informe final de investigación |
| Mención de responsabilidad, etc. | Karla Alexandra Córdova Arias, Katia Saraí Muñoz Cruz, José Reynaldo Orellana Ramírez |
| 260 ## - PUBLICACIÓN, DISTRIBUCIÓN, ETC. (PIE DE IMPRENTA) | |
| Lugar de publicación, distribución, etc. | Ilobasco, Cabañas |
| Nombre del editor, distribuidor, etc. | Universidad Católica de El Salvador |
| Fecha de publicación, distribución, etc. | 2022 |
| 300 ## - DESCRIPCIÓN FÍSICA | |
| Extensión | 85 h. |
| Dimensiones | 27 cm. |
| Material anejo | Versión digital en USB. |
| 502 ## - NOTA DE TESIS | |
| Nota de tesis | Trabajo de graduación para optar al grado académico de Licenciados en Enfermería. |
| 650 #0 - PUNTO DE ACCESO ADICIONAL DE MATERIA - TÉRMINO DE MATERIA | |
| 9 (RLIN) | 14936 |
| Término de materia o nombre geográfico como elemento inicial | Enfermería |
| Subdivisión de materia general | Investigación |
| 700 ## - PUNTO DE ACCESO ADICIONAL - NOMBRE DE PERSONA | |
| 9 (RLIN) | 48991 |
| Nombre de persona | Muñoz Cruz, Katia Saraí |
| 700 ## - PUNTO DE ACCESO ADICIONAL - NOMBRE DE PERSONA | |
| 9 (RLIN) | 48992 |
| Nombre de persona | Orellana Ramírez, José Reynaldo |
| 710 ## - PUNTO DE ACCESO ADICIONAL - NOMBRE DE ENTIDAD | |
| 9 (RLIN) | 40915 |
| Nombre de entidad o nombre de jurisdicción como elemento inicial | Universidad Católica de El Salvador |
| Unidad subordinada | Centro Regional de Ilobasco |
| -- | Facultad Multidisciplinaria |
| 942 ## - ENTRADA DE ELEMENTOS AGREGADOS (KOHA) | |
| Fuente de clasificaión o esquema | Dewey Decimal Classification |
| Koha [por defecto] tipo de item | 4- Trabajo de Graduación |
| Parte de clasificación | prozim |
| Suprimido | Perdido | Fuente de clasificación o esquema | Estropeado | Restricciones de uso | No para préstamo | Código de colección | Localización permanente | Localización actual | Localización en estanter&íacute;as | Fecha adquisición | Fuente de adquisición | Número de inventario | Préstamos totales | Signatura completa | Código de barras | Fecha última consulta | Fecha último préstamo | Fecha del precio de reemplazo | Tipo de item de Koha |
|---|---|---|---|---|---|---|---|---|---|---|---|---|---|---|---|---|---|---|---|
| NULL | NULL | Dewey Decimal Classification | NULL | Prestable | NULL | NULL | Biblioteca Centro Regional de Ilobasco | Biblioteca Centro Regional de Ilobasco | Sala Principal | 22/08/2024 | Donación | 000317 | 1 | IN-000317 | 1052739 | 03/09/2025 | 03/09/2025 | 08/01/2025 | 4- Trabajo de Graduación |